| 000 | 00754nam a22002417a 4500 | ||
|---|---|---|---|
| 003 | DO-SdBNP | ||
| 005 | 20240305122427.0 | ||
| 007 | ta | ||
| 008 | 210910b2019 dr ||||| |||| 00| p spa d | ||
| 020 | _a9789945617122 | ||
| 040 |
_aDO-SdBNP _bspa _cBNPHU |
||
| 082 | 4 |
_aRD861.44 _bL864a _222 |
|
| 100 | 1 |
_aLópez Azuán, Virgilio, _d1959- _964493 |
|
| 245 | 1 | 0 |
_aAl borde, siempre al borde / _cVirgilio López Azuán. |
| 260 |
_aSanto Domingo : _bSantuario, _c2019. |
||
| 300 |
_a159 p. ; _c23 cm. |
||
| 500 | _aIncluye datos biográficos del autor en las solapas. | ||
| 590 | _aInventariado, 2022 /LP | ||
| 650 | 4 | _aPoesía dominicana | |
| 650 | 4 | _aLiteratura dominicana | |
| 910 | _aLopérez./Validado, Control de calidad MFF | ||
| 942 |
_2ddc _cLBS1 |
||
| 999 |
_c51307 _d51307 |
||